Get the Picture: Monty Python Roles Quiz Stats

 Plays Quiz Updated Apr 16, 2019

Score 0/16 Timer 03:00
1 Play Today
Question Answer Wrong Answers
The Black Knight John Cleese
59.8%
Michael Palin
11.1%
Eric Idle
9%
Terry Jones
11.6%
Taunting French Guard John Cleese
57.8%
Michael Palin
17.6%
Eric Idle
8.6%
Terry Jones
8.6%
Dennis' Mother Terry Jones
57.2%
John Cleese
10.6%
Michael Palin
12.1%
Eric Idle
11%
Sir Robin the Not-quite-so-brave-as-Sir-Launcelot Eric Idle
56.1%
John Cleese
11%
Michael Palin
15.6%
Terry Jones
8.4%
Sir Launcelot the Brave John Cleese
54.6%
Michael Palin
15.3%
Eric Idle
13.7%
Terry Jones
7.1%
Sir Galahad the Pure Michael Palin
53.8%
John Cleese
14.2%
Eric Idle
14.6%
Terry Jones
9.1%
Tim the Enchanter John Cleese
48.9%
Michael Palin
17.1%
Eric Idle
13.2%
Terry Jones
12.8%
Dead Collector Eric Idle
46%
John Cleese
19.2%
Michael Palin
14.6%
Terry Jones
11.6%
Dennis Michael Palin
44.2%
John Cleese
13%
Eric Idle
18.6%
Terry Jones
15%
Sir Bedevere Terry Jones
43.2%
John Cleese
17.4%
Michael Palin
17.6%
Eric Idle
12.4%
Prince Herbert Terry Jones
39.9%
John Cleese
14.1%
Michael Palin
19.1%
Eric Idle
18.2%
Roger the Shrubber Eric Idle
39.4%
John Cleese
14.5%
Michael Palin
20.7%
Terry Jones
16.5%
King of Swamp Castle Michael Palin
38.9%
John Cleese
20%
Eric Idle
10.9%
Terry Jones
21.9%
Leader of the Knights who say 'Ni' Michael Palin
38.4%
John Cleese
26.9%
Eric Idle
11.3%
Terry Jones
15%
Brother Maynard Eric Idle
34.6%
John Cleese
13.2%
Michael Palin
24.6%
Terry Jones
19%
Left Head of the Three-Headed Knight Terry Jones
32.5%
John Cleese
18.1%
Michael Palin
24.4%
Eric Idle
15.9%

Today's Daily Dose

You're not logged in!

Compare scores with friends on all Sporcle quizzes.
OR
Log In

Sporcle TV

Today on Sporcle TV


Watch our educational content, quiz creation guides, and fun videos on Sporcle TV.

Show Comments

Extras

Top Quizzes Today


Score Distribution

Your Account Isn't Verified!

In order to create a playlist on Sporcle, you need to verify the email address you used during registration. Go to your Sporcle Settings to finish the process.

Report this User

Report this user for behavior that violates our Community Guidelines.

Details: